Score 0/20 Timer 04:00
3 Plays Today
Scrambled Bird Unscrambled Bird % Correct
NEOPIGPIGEON
88%
NECKHICCHICKEN
87.2%
AGLEEEAGLE
84.6%
RENTTERN
79.2%
WARPORSSPARROW
78.8%
BIRONROBIN
78.3%
ELRTUUVVULTURE
77.2%
NOFLACFALCON
76.3%
BLABRDICKBLACKBIRD
72.9%
GREETEGRET
68.1%
Scrambled Bird Unscrambled Bird % Correct
ROCDONCONDOR
65.1%
TUNACOTOUCAN
45.5%
LOOIERORIOLE
44.6%
ATEAPERKPARAKEET
41.1%
NAPLICEPELICAN
40.1%
HEAPTANSPHEASANT
29.8%
RAINCLADCARDINAL
27.1%
CHORISTOSTRICH
24.3%
LARSBOATSALBATROSS
19.2%
RANGATETANAGER
14.9%
Remove Ads.
Support Sporcle.
Get the best of Sporcle when you Go Orange. This ad-free experience offers more features, more stats, and more fun while also helping to support Sporcle. Thank you for becoming a member.

You're not logged in!

Compare scores with friends on all Sporcle quizzes.
OR
Log In

Show Comments

Extras

Top Quizzes Today


Score Distribution

Your Account Isn't Verified!

In order to create a playlist on Sporcle, you need to verify the email address you used during registration. Go to your Sporcle Settings to finish the process.

Report this User

Report this user for behavior that violates our Community Guidelines.

Details: